|
|
|
|
| LEADER |
01392nam a22003494a 4500 |
| 001 |
38554 |
| 003 |
BD-DhAAL |
| 005 |
20220516164909.0 |
| 008 |
220516t2002 enk b 001 0 eng d |
| 999 |
|
|
|c 44181
|d 44181
|
| 010 |
|
|
|a 2001099223
|
| 020 |
|
|
|a 075461946X
|
| 035 |
|
|
|a (DLC) 2001099223
|
| 040 |
|
|
|a DLC
|c DLC
|d DLC
|d BD-DhAAL
|
| 042 |
|
|
|a pcc
|
| 043 |
|
|
|a aw-----
|a as-----
|
| 050 |
0 |
0 |
|a U264.5.S64
|b K49 2002
|
| 082 |
0 |
0 |
|a 355.02170954
|2 22
|
| 100 |
1 |
|
|a Khan, Saira.
|9 48436
|
| 245 |
1 |
0 |
|a Nuclear proliferation dynamics in protracted conflict regions :
|b a comparative study of South Asia and the Middle East /
|c Saira Khan.
|
| 260 |
|
|
|a Aldershot, Hants, England ;
|a Burlington, VT :
|b Ashgate,
|c c2002.
|
| 300 |
|
|
|a xii, 316 pages ;
|c 23 cm.
|
| 504 |
|
|
|a Includes bibliographical references (pages [291]-308) and index.
|
| 541 |
|
|
|a Donated By Akbar Ali Khan
|e 38554
|
| 650 |
|
0 |
|a Nuclear weapons
|z South Asia.
|9 48437
|
| 650 |
|
0 |
|a Nuclear weapons
|z Middle East.
|9 48438
|
| 650 |
|
0 |
|a Military science.
|9 48439
|
| 651 |
|
0 |
|a South Asia
|x Military policy.
|9 48440
|
| 651 |
|
0 |
|a Middle East
|x Military policy.
|9 48441
|
| 852 |
|
|
|a Ayesha Abed Library
|c Akbar Ali Khan Collection
|
| 942 |
|
|
|2 ddc
|c BK
|
| 952 |
|
|
|0 0
|1 0
|2 ddc
|4 0
|6 355_021709540000000_KHA
|7 1
|9 70621
|a BRACUL
|b BRACUL
|c CS1
|d 2022-05-16
|e Donated by Akbar Ali Khan
|l 0
|o 355.02170954 KHA
|p 3010038554
|r 2022-05-16
|t 1
|w 2022-05-16
|y BK
|